000 00668nam a2200181 i 4500
001 85853
003 ES-MaACL
005 20230906175325.0
007 t|
008 041202s1945 sp ||||1| spa d
100 1 _aKaemper, H.
_967394
245 1 0 _aTratamiento de calefacción y ventilación de edificios... /
_cH. Kaemper, M. Hottinger, W. Gozenbach ; traducido de la 2ª edición original, por Rafael Hernández Giménez.
260 _aBarcelona :
_bGustavo Gili,
_c1945 (
_fSociedad Alianza de Artes Gráficas)
300 _a372 p. :
_bil. ;
_c27 cm.
700 1 _aHottinger, M.
_964310
700 1 _aGozenbach, W.
_959432
852 _aES-MaACL
_jB-10690
_bR.22053
999 _c85853
_d85853